01421ngm a2200265 a 450000500170000000800410001702000150005808200170007310000310009024500380012125000190015930000360017849000300021452004990024465000710074365000470081465000540086165000410091565000410095626400350099733600270103233700330105933800280109204000350112020220317000613.0160601s2002 ck g 000 0 spa  a958080403604a577.34 bB6710aRiaño La Rotta, Fernando13aEl bosque de niebla hVideocasete a1a. edición  a1 videocasete (ca. 26 minutos)  aExpediciones por Colombia aEn las alturas andinas se esconde un paisaje único y silencioso: el bosque de niebla, donde las nubes parecen descender hasta las ramas de los árboles, para abrigar sorprendentes formas de vida, hermosas flores de variadas formas y colores, pájaros carpinteros, colibríes, insectos, perezosos y pequeños mamíferos ... Es el hábitat del único oso suramericano, el oso de anteojos, que hoy necesita de una decidida protección por parte de los seres humanos para poder sobrevivir142LEMB aConservación de la vida silvestrevVideocaseteszColombia142LEMB aEcosistemasvVideocaseteszColombia142LEMB aBosques tropicalesvVideocaseteszColombia142LEMB aFaunavVideocaseteszColombia142LEMB aBiotavVideocaseteszColombia aBogotá bVideo Factoryc2002 atextobtxt2rdacontent asin mediaciónbn2rdamedia avolumenbnc2rdacarrier aCO-BoRNBPbspaerdacCO-BoRNBP